Prinsip Perakaunan /

Bibliographic Details
Main Author: Wan Madznah wan Ibrahim
Format: Book
Published: Shah Alam: Oxford Fajar, 2007.
Subjects:
LEADER 00558cam a2200193 7i4500
001 0000010966
005 20151104090000.0
005 ##20151104112500.0
003 ##MY-KlINT
020 # # |a 9789833383016  
039 # 9 |y 201511041125  |z VLOAD 
090 0 0 |a 657   |b WAN 
100 1 # |a Wan Madznah wan Ibrahim 
245 0 0 |a Prinsip Perakaunan /   |c Wan Madznah Wan Ibrahim. 
260 # # |a Shah Alam:   |b Oxford Fajar,   |c 2007. 
300 # # |a iv, 361p:   |b ill;   |c 26cm. 
500 # # |a Includes index and bibliography 
650 # 0 |a Accounting  
999 |a 0000062207  |b BOOK  |c Main Non-Fiction  |e INTAN BK